000136937 001__ 136937
000136937 005__ 20240827140934.0
000136937 037__ $$aGDOC-2023-26402
000136937 041__ $$aspa
000136937 041__ $$aeng
000136937 100__ $$0(orcid)0000-0003-0410-6948$$1140904$$aMaría José Mayayo, Burillo
000136937 24500 $$926402$$aCristalografía
000136937 24200 $$926402$$aCrystallography
000136937 260__ $$aZaragoza$$bUniversidad de Zaragoza$$c2023-2024
000136937 521__ $$9114$$aGrado en Geología$$bDegree in Geology
000136937 540__ $$aby-nc-sa$$bCreative Commons$$c3.0$$uhttp://creativecommons.org/licenses/by-nc-sa/3.0/
000136937 700__ $$0(orcid)0000-0002-5246-366X$$1387402$$aMaría Cinta Fermina Osácar, Soriano
000136937 700__ $$0(orcid)0000-0002-2169-4561$$1315673$$aAlfonso Yuste, Oliete
000136937 830__ $$9588
000136937 8564_ $$s8036$$uhttps://zaguan.unizar.es/record/136937/files/guia-26402-en.pdf$$yGuide (english)
000136937 8564_ $$s8069$$uhttps://zaguan.unizar.es/record/136937/files/guia-26402-es.pdf$$yGuía (idioma español)
000136937 970__ $$aGDOC-2023-26402
000136937 980__ $$aGDOC$$bSciences$$bCiencias$$c100